[Event "Championnat de France - Open A"]
[Site "Pau"]
[Date "2008.08.19"]
[Round "7.4"]
[White "Marcantoni, Herve"]
[Black "Vuillermoz, Robert"]
[Result "1-0"]
[WhiteElo "2198"]
[BlackElo "2105"]
[PlyCount "71"]

1. e4 c5 2. Nf3 e6 3. d4 cxd4 4. Nxd4 Bc5 5. Be3 Qb6 6. Nc3 Nc6 7. Ndb5 Bxe3 8.
fxe3 Qxe3+ 9. Be2 Qf4 10. Rf1 Qxh2 11. Nd6+ Kd8 12. Nxf7+ Ke7 13. Nxh8 Nf6 14.
Qd2 Qg3+ 15. Rf2 d6 16. O-O-O Bd7 17. Rf4 Nd4 18. Rxf6 Nb3+ 19. axb3 gxf6 20.
Nf7 Kxf7 21. Qxd6 Qxd6 22. Rxd6 Ke7 23. Rd1 Rg8 24. Bf3 Bc6 25. Rh1 Rg7 26. Kd2
Kd6 27. Ke3 a5 28. Rh5 b6 29. Nb5+ Ke7 30. Nd4 Be8 31. Rh4 Kd6 32. Bg4 Bd7 33.
Bh3 Rg3+ 34. Nf3 Rg7 35. Rh6 Rf7 36. Rxf6 1-0

[Event "Championnat de France - Open A"]
[Site "Pau"]
[Date "2008.08.19"]
[Round "7.5"]
[White "Guezennec, Franck"]
[Black "Brongers, Henk"]
[Result "0-1"]
[WhiteElo "2190"]
[BlackElo "2070"]
[PlyCount "98"]

1. e4 c6 2. Nf3 d5 3. exd5 cxd5 4. Ne5 Nd7 5. d4 g6 6. Qf3 Nxe5 7. dxe5 a6 8.
Nc3 e6 9. Bd3 Bg7 10. Qg3 Qc7 11. f4 Ne7 12. Bd2 Bd7 13. Ne2 Bb5 14. Bxb5+ axb5
15. Qb3 Qc4 16. Nc3 Qxb3 17. cxb3 f6 18. Nxb5 Kd7 19. exf6 Bxf6 20. Bc3 Rhf8
21. g3 Nc6 22. a4 Na5 23. Bxf6 Rxf6 24. Nd4 e5 25. fxe5 Re8 26. e6+ Kd6 27. Rf1
Rxf1+ 28. Kxf1 Kc5 29. Rd1 Kb4 30. Rd3 Nc6 31. Nc2+ Kc5 32. b4+ Kd6 33. b5 Ne5
34. Rd1 Kxe6 35. Ne3 Rd8 36. Ke2 b6 37. Nc2 Rc8 38. Nd4+ Kd6 39. h3 Rc4 40. b3
Rc3 41. Rf1 Kc5 42. Nf3 Nd3 43. Ng5 Rxb3 44. Rf6 Ne5 45. Ne6+ Kb4 46. Nc7 d4
47. Rxb6 d3+ 48. Kd1 Nc4 49. Nd5+ Kc5 0-1

[Event "Championnat de France - Open A"]
[Site "Pau"]
[Date "2008.08.19"]
[Round "7.6"]
[White "Platel, Alexandre"]
[Black "Migot, Tanguy"]
[Result "1/2-1/2"]
[WhiteElo "2190"]
[BlackElo "2050"]
[PlyCount "55"]

1. e4 e6 2. d4 d5 3. Nc3 Nf6 4. e5 Nfd7 5. f4 c5 6. Nf3 Nc6 7. Be3 cxd4 8. Nxd4
Bc5 9. Qd2 O-O 10. O-O-O a6 11. Qf2 Bxd4 12. Bxd4 b5 13. Bd3 b4 14. Ne2 a5 15.
Bb5 Nxd4 16. Qxd4 Nb6 17. Rhf1 Ba6 18. Bxa6 Rxa6 19. g4 Nc4 20. b3 Na3 21. Kb2
Rc6 22. Rc1 Qc7 23. c3 Nb5 24. Qd3 bxc3+ 25. Nxc3 Nxc3 26. Rxc3 Rxc3 27. Qxc3
Qb6 28. Rd1 1/2-1/2

[Event "Championnat de France - Open A"]
[Site "Pau"]
[Date "2008.08.19"]
[Round "7.7"]
[White "Ider, Borya"]
[Black "Marciniak, Alexandre"]
[Result "1/2-1/2"]
[WhiteElo "2065"]
[BlackElo "2186"]
[PlyCount "45"]

1. d4 d5 2. Nf3 Nf6 3. c4 c6 4. Nc3 dxc4 5. a4 Bf5 6. Ne5 Nbd7 7. Nxc4 Nb6 8.
Ne5 a5 9. Bg5 g6 10. f3 Bg7 11. e4 Be6 12. Be2 O-O 13. O-O Nfd7 14. Nxd7 Qxd7
15. Be3 Qd6 16. f4 Qb4 17. f5 gxf5 18. exf5 Nd5 19. Nxd5 Bxd5 20. Rf4 Rad8 21.
Rg4 Kh8 22. Bd3 Bf6 23. Bd2 1/2-1/2

[Event "Championnat de France - Open A"]
[Site "Pau"]
[Date "2008.08.19"]
[Round "7.8"]
[White "Poignot, Quentin"]
[Black "Derieux, Christian"]
[Result "1/2-1/2"]
[WhiteElo "2087"]
[BlackElo "2149"]
[PlyCount "99"]

1. e4 c5 2. Nf3 d6 3. d4 Nf6 4. Nc3 cxd4 5. Nxd4 g6 6. Be3 Bg7 7. f3 Nc6 8. Qd2
O-O 9. Bc4 Bd7 10. O-O-O Rb8 11. Bb3 a5 12. h4 Nxd4 13. Bxd4 b5 14. a3 a4 15.
Ba2 b4 16. Nd5 b3 17. Bb1 bxc2 18. Bxc2 Nxd5 19. Bxg7 Kxg7 20. exd5 Qb6 21.
Qd4+ Qxd4 22. Rxd4 Rfc8 23. Kb1 Rc3 24. Re1 Rxa3 25. Rxe7 Rc3 26. Rxd7 a3 27.
b3 a2+ 28. Kxa2 Rxc2+ 29. Ka3 Rc1 30. Rxd6 Ra1+ 31. Kb2 Rba8 32. Rc6 R8a2+ 33.
Kc3 Rxg2 34. Kb4 Ra8 35. d6 Rd8 36. d7 Kf8 37. Rc8 Ke7 38. Rxd8 Kxd8 39. Kc5
Rc2+ 40. Kb6 Rc3 41. b4 Rxf3 42. b5 f5 43. Kb7 h6 44. b6 g5 45. hxg5 hxg5 46.
Kc6 Rc3+ 47. Kd6 Rb3 48. Kc6 Rc3+ 49. Kb5 Rb3+ 50. Kc6 1/2-1/2

[Event "Championnat de France - Open A"]
[Site "Pau"]
[Date "2008.08.19"]
[Round "7.9"]
[White "Ferry, Roger"]
[Black "Manoeuvre, Antoine"]
[Result "1-0"]
[WhiteElo "2120"]
[BlackElo "2095"]
[PlyCount "153"]

1. d4 e6 2. Nf3 Nf6 3. c3 d5 4. Bf4 c5 5. e3 Nc6 6. Nbd2 Bd6 7. Bg5 O-O 8. Bd3
h6 9. Bh4 cxd4 10. exd4 Be7 11. O-O Bd7 12. Qe2 Be8 13. h3 a6 14. a4 Rc8 15.
Ne1 Qb6 16. Rb1 Na5 17. b4 Nc4 18. Nxc4 dxc4 19. Bc2 Qc7 20. Bxf6 Bxf6 21. Nf3
Bc6 22. Ne5 Bxe5 23. dxe5 Rfd8 24. Rbd1 b5 25. a5 Qb7 26. f3 Qa7+ 27. Qf2 Qxf2+
28. Kxf2 Bd5 29. Rd4 Kf8 30. Rfd1 Ke7 31. g3 f6 32. exf6+ gxf6 33. Ke3 Kd6 34.
Rh4 Rh8 35. Rh5 Rcg8 36. g4 Rg5 37. Rh4 Kc6 38. f4 Rgg8 39. Rh5 Re8 40. Bg6
Ref8 41. Be4 Rd8 42. Bc2 Rde8 43. Rg1 Ref8 44. Rg3 Rfg8 45. Bd1 Kd6 46. Kf2 Rc8
47. h4 Ke7 48. g5 hxg5 49. fxg5 Rxh5 50. gxf6+ Kxf6 51. Bxh5 Rh8 52. Rg5 Rh6
53. Kg3 Rh7 54. Kf4 Rh6 55. Kg4 Be4 56. Kg3 Bd5 57. Be2 Rh8 58. Rg4 Ke5 59. Rd4
Rg8+ 60. Bg4 Rf8 61. Rd1 Rg8 62. h5 Kf6 63. Kh4 Kg7 64. Re1 Kh6 65. Rf1 Kg7 66.
Rg1 Kh6 67. Rg3 Rg7 68. Be2 Rxg3 69. Kxg3 Kg5 70. Bd1 Be4 71. Be2 Bd5 72. Bg4
e5 73. Bc8 Bc6 74. Bxa6 e4 75. Bc8 e3 76. Bg4 Bb7 77. Bd7 1-0

[Event "Championnat de France - Open A"]
[Site "Pau"]
[Date "2008.08.19"]
[Round "7.10"]
[White "Renaudin, Mathieu"]
[Black "Smith, Matthieu"]
[Result "1-0"]
[WhiteElo "2146"]
[BlackElo "2064"]
[PlyCount "67"]

1. e4 c5 2. Nf3 Nc6 3. d4 cxd4 4. Nxd4 Nf6 5. Nc3 e5 6. Ndb5 d6 7. Bg5 a6 8.
Na3 b5 9. Nd5 Be7 10. Bxf6 Bxf6 11. c3 O-O 12. Nc2 Rb8 13. Be2 Bg5 14. O-O Be6
15. Nce3 Bxe3 16. Nxe3 Ne7 17. Bg4 Bxg4 18. Qxg4 b4 19. c4 g6 20. Rad1 f5 21.
Qh3 Rf6 22. c5 Nc6 23. exf5 Nd4 24. Ng4 dxc5 25. Nxf6+ Qxf6 26. fxg6 hxg6 27.
Rde1 Nf5 28. Qf3 Qd6 29. Qe4 b3 30. axb3 Qd4 31. Qxe5 Qxe5 32. Rxe5 Rxb3 33.
Rxc5 Rxb2 34. Rc6 1-0

[Event "Championnat de France - Open A"]
[Site "Pau"]
[Date "2008.08.19"]
[Round "7.11"]
[White "Favarel, Antoine"]
[Black "Garro, Pierre"]
[Result "0-1"]
[WhiteElo "2074"]
[BlackElo "2140"]
[PlyCount "96"]

1. e4 c5 2. Nf3 Nc6 3. Bb5 Nf6 4. e5 Ng4 5. Bxc6 dxc6 6. d3 g6 7. O-O Bg7 8.
Re1 O-O 9. Nc3 b6 10. Bf4 Nh6 11. h3 Nf5 12. Qd2 h6 13. a3 a5 14. Na4 g5 15.
Bh2 Nd4 16. Nxd4 cxd4 17. b4 Bd7 18. f4 g4 19. hxg4 Bxg4 20. Qf2 f5 21. Bg3 Ra6
22. Nb2 b5 23. bxa5 Rxa5 24. a4 Qd7 25. Ra2 Rfa8 26. Rea1 Bh5 27. Re1 Bf7 28.
Raa1 bxa4 29. Qe2 Be6 30. Nc4 Bxc4 31. dxc4 e6 32. Bh4 a3 33. Ra2 Bf8 34. Bf6
Kh7 35. Rd1 Bc5 36. Qh5 Qe8 37. Qh4 Rb8 38. Rd3 Ra7 39. Rh3 Qg6 40. Bg5 Bf8 41.
Bxh6 Bxh6 42. Raxa3 Rxa3 43. Rxa3 Rg8 44. g3 Rg7 45. Kf2 Qe8 46. Ra1 Qe7 47.
Qh2 Qc5 48. Ra8 Qxc4 0-1

[Event "Championnat de France - Open A"]
[Site "Pau"]
[Date "2008.08.19"]
[Round "7.12"]
[White "Baudson, Charles"]
[Black "Grandadam, Nicolas"]
[Result "1-0"]
[WhiteElo "2041"]
[BlackElo "2112"]
[PlyCount "67"]

1. d4 d5 2. Nf3 e6 3. e3 Nf6 4. Bd3 c5 5. c3 Nbd7 6. O-O Bd6 7. Nbd2 O-O 8. Re1
e5 9. e4 cxd4 10. cxd4 Re8 11. exd5 exd4 12. Ne4 Bb4 13. Nxf6+ Nxf6 14. Rxe8+
Qxe8 15. Qb3 Bc5 16. Bg5 Qd8 17. Bxh7+ Kxh7 18. Qc2+ Kg8 19. Qxc5 d3 20. d6 Ne4
21. Qd5 Nxg5 22. Nxg5 Qf6 23. Re1 Bf5 24. h4 Rd8 25. d7 Be6 26. Nxe6 d2 27.
Qxd2 fxe6 28. Rc1 Qxh4 29. Rc8 Kf7 30. Qd6 Qe7 31. Qf4+ Kg6 32. Qg4+ Kf7 33.
Qh5+ Kf6 34. Rxd8 1-0

[Event "Championnat de France - Open A"]
[Site "Pau"]
[Date "2008.08.19"]
[Round "7.13"]
[White "Allorant, Adrien"]
[Black "Beghin, Ronan"]
[Result "0-1"]
[WhiteElo "2011"]
[BlackElo "2110"]
[PlyCount "44"]

1. d4 d5 2. c4 c6 3. Nf3 Nf6 4. Nc3 e6 5. e3 Nbd7 6. Bd3 dxc4 7. Bxc4 b5 8. Bd3
Bb7 9. e4 b4 10. Ne2 c5 11. e5 Nd5 12. O-O Qb6 13. Bd2 Be7 14. Rc1 O-O 15. Ng3
cxd4 16. Qe2 Nc5 17. Bxh7+ Kxh7 18. Rxc5 Qxc5 19. Ng5+ Bxg5 20. Ne4 Qc2 21. Rc1
Nf4 22. Nxg5+ Kg8 0-1

[Event "Championnat de France - Open A"]
[Site "Pau"]
[Date "2008.08.19"]
[Round "7.14"]
[White "Fevre, Mathieu"]
[Black "Gozzoli, Cyrille"]
[Result "1-0"]
[WhiteElo "2032"]
[BlackElo "2104"]
[PlyCount "82"]

1. f4 d5 2. Nf3 Nf6 3. e3 c5 4. b3 Nc6 5. Bb2 g6 6. Bb5 Bd7 7. O-O Bg7 8. d3
O-O 9. Nbd2 a6 10. Bxc6 Bxc6 11. Ne5 Rc8 12. Qe1 b5 13. Rd1 Bb7 14. Qh4 d4 15.
e4 Nd7 16. Nxd7 Qxd7 17. Rf3 Bf6 18. Qf2 Bg7 19. Rh3 f5 20. Qh4 h6 21. Re1 e5
22. fxe5 g5 23. Qh5 fxe4 24. Nxe4 Bxe4 25. Rxe4 Qe6 26. Bc1 Rf5 27. Rf3 Rxe5
28. Rxe5 Qxe5 29. Qf7+ Kh8 30. Qf5 Qxf5 31. Rxf5 c4 32. Ba3 cxd3 33. cxd3 Rc3
34. Rc5 Rxd3 35. Bb4 Rd1+ 36. Kf2 Ra1 37. Rc2 Kh7 38. Ke2 Bf6 39. Kd3 Rd1+ 40.
Ke2 Ra1 41. Kd3 Rd1+ 1-0

[Event "Championnat de France - Open A"]
[Site "Pau"]
[Date "2008.08.19"]
[Round "7.15"]
[White "Frih, Ameur"]
[Black "Quenehen, Marc"]
[Result "0-1"]
[WhiteElo "2103"]
[BlackElo "2084"]
[PlyCount "62"]

1. d4 Nf6 2. c4 e6 3. Nf3 d5 4. Nc3 Nbd7 5. e3 a6 6. c5 c6 7. b4 Qc7 8. Bb2 Be7
9. Be2 e5 10. O-O e4 11. Nd2 h5 12. f3 exf3 13. Rxf3 Ng4 14. Nf1 Ndf6 15. Bd3
Be6 16. Qe1 Rd8 17. a4 Nh6 18. b5 axb5 19. axb5 Qd7 20. Ra7 Qc8 21. bxc6 bxc6
22. Na4 Bg4 23. Rf2 Qe6 24. Nb6 Bf5 25. Ba6 Ne4 26. Re2 Bg4 27. Rc2 Nf5 28. Rc7
Bh4 29. g3 Ng5 30. Qc3 Nh3+ 31. Kh1 Bf3+ 0-1

[Event "Championnat de France - Open A"]
[Site "Pau"]
[Date "2008.08.19"]
[Round "7.16"]
[White "Dubocage, Claude"]
[Black "Veron, Cyprien"]
[Result "0-1"]
[WhiteElo "1970"]
[BlackElo "2098"]
[PlyCount "46"]

1. d4 d5 2. Nf3 Nf6 3. g3 g6 4. Bg2 Bg7 5. O-O O-O 6. c4 dxc4 7. Qc2 a6 8. a4
Nbd7 9. Rd1 c5 10. dxc5 Qa5 11. c6 Nb6 12. Bd2 Qc5 13. cxb7 Bxb7 14. a5 Be4 15.
Qc1 Nbd5 16. Ra4 Rac8 17. Na3 c3 18. bxc3 Nxc3 19. Bxc3 Qxc3 20. Nc4 Qb3 21.
Qa1 Rxc4 22. Rxc4 Qxc4 23. Nd2 Qxe2 0-1

[Event "Championnat de France - Open A"]
[Site "Pau"]
[Date "2008.08.19"]
[Round "7.17"]
[White "Lallement, Victor"]
[Black "Millon, Valentin"]
[Result "0-1"]
[WhiteElo "2097"]
[BlackElo "1991"]
[PlyCount "96"]

1. e4 c5 2. Nf3 e6 3. d4 cxd4 4. Nxd4 Nc6 5. Nxc6 bxc6 6. Bd3 Nf6 7. O-O e5 8.
Nc3 Be7 9. Kh1 Rb8 10. f4 d6 11. f5 h5 12. b3 h4 13. Be2 Qc7 14. Bg5 Bb7 15.
Bxf6 Bxf6 16. Bc4 h3 17. g3 Rd8 18. Qf3 O-O 19. Rad1 Qa5 20. Rd3 Rfe8 21. Rfd1
Qb4 22. Qh5 d5 23. exd5 cxd5 24. Bxd5 Bxd5+ 25. Nxd5 Rxd5 26. Qxh3 Rxd3 27.
cxd3 Qb7+ 28. Qg2 Qxg2+ 29. Kxg2 Rc8 30. Rd2 Kf8 31. Kf3 Ke7 32. h4 Rd8 33. Ke3
Rd4 34. Rc2 Kd7 35. Rc5 Rb4 36. Ra5 Rb7 37. Ra4 Bd8 38. Ke4 f6 39. g4 Bb6 40.
Rc4 Bf2 41. h5 Rb6 42. Rc2 Bd4 43. Rg2 Rc6 44. g5 Rc1 45. h6 gxh6 46. gxh6 Kd6
47. h7 Rh1 48. Rg7 Rh3 0-1

[Event "Championnat de France - Open A"]
[Site "Pau"]
[Date "2008.08.19"]
[Round "7.18"]
[White "Koch, Alain"]
[Black "Fernandez, Laura"]
[Result "1/2-1/2"]
[WhiteElo "2090"]
[BlackElo "2003"]
[PlyCount "201"]

1. e4 e5 2. d4 exd4 3. Nf3 Bc5 4. Bc4 d5 5. exd5 Qe7+ 6. Be2 Nf6 7. Bg5 h6 8.
Bxf6 Qxf6 9. Bb5+ c6 10. dxc6 bxc6 11. Bd3 Bb4+ 12. Nbd2 Bg4 13. Qe2+ Kf8 14.
Qe5 Nd7 15. Qxf6 Nxf6 16. O-O c5 17. a3 Ba5 18. Nc4 Bxf3 19. Nxa5 Bd5 20. b4
cxb4 21. axb4 g6 22. b5 Kg7 23. Ra4 Rhc8 24. Rxd4 Rc3 25. Ra1 Re8 26. Nc4 Re7
27. Ne3 Be6 28. Rda4 Rcc7 29. h3 Red7 30. R1a3 Ne8 31. Be4 Nd6 32. Bc6 Re7 33.
c4 Nf5 34. c5 g5 35. Rc3 Rc8 36. Nxf5+ Bxf5 37. Re3 Be6 38. Ra1 Kf6 39. f3 Rec7
40. Rea3 Bd7 41. Bxd7 Rxd7 42. Ra6+ Kg7 43. c6 Rd5 44. Rxa7 Rxb5 45. Rc1 Rb6
46. c7 Kf6 47. Ra4 Re6 48. Rd4 Re7 49. Rdc4 Kg6 50. Kf2 h5 51. Rc6+ f6 52. g3
Kg7 53. f4 g4 54. hxg4 hxg4 55. R1c5 Rce8 56. Rc2 Rc8 57. R6c5 Kg6 58. Rc6 Kg7
59. Rc1 Kf7 60. R6c4 Kg6 61. Rc6 Kg7 62. f5 Kh6 63. Rxf6+ Kg5 64. Rfc6 Kxf5 65.
R6c4 Kg5 66. Rc5+ Kh6 67. R1c4 Rf8+ 68. Rf4 Rc8 69. Rc6+ Kh7 70. Rxg4 Rexc7 71.
Rh4+ Kg7 72. Rg4+ Kf7 73. Rf4+ Kg7 74. Rcf6 Rc2+ 75. Kf3 R2c3+ 76. Kg2 Rc2+ 77.
Kh3 R2c4 78. Rf7+ Kg8 79. R4f5 R4c5 80. Rxc5 Rxc5 81. Ra7 Rc1 82. Kh4 Rg1 83.
g4 Rh1+ 84. Kg5 Rg1 85. Kf5 Rg2 86. g5 Rb2 87. Kg6 Rb6+ 88. Kh5 Rb1 89. Ra6 Kg7
90. Rg6+ Kh7 91. Rf6 Kg7 92. Rf4 Rh1+ 93. Kg4 Kg6 94. Rf6+ Kg7 95. Rf3 Kg6 96.
Rf6+ Kg7 97. Kf5 Rf1+ 98. Ke6 Re1+ 99. Kf5 Rf1+ 100. Ke5 Re1+ 101. Kf5 1/2-1/2

[Event "Championnat de France - Open A"]
[Site "Pau"]
[Date "2008.08.19"]
[Round "7.19"]
[White "Duchateau, Thomas"]
[Black "Redon, Bruno"]
[Result "1-0"]
[WhiteElo "2088"]
[BlackElo "2164"]
[PlyCount "85"]

1. d4 Nf6 2. c4 e6 3. Nf3 c5 4. d5 b5 5. dxe6 fxe6 6. cxb5 d5 7. e3 Bd6 8. Nc3
O-O 9. Bd3 Bb7 10. Qe2 Bc7 11. O-O Ne4 12. Rd1 Nd7 13. Qc2 Rxf3 14. gxf3 Qg5+
15. Kf1 Nxc3 16. bxc3 Bxh2 17. Bxh7+ Kh8 18. Qg6 Qh4 19. Qxe6 Ne5 20. Bg6 Rf8
21. f4 Ng4 22. Rd2 Qh3+ 23. Ke1 d4 24. Qe7 Rb8 25. Be4 Nxe3 26. fxe3 Qxe3+ 27.
Kd1 Qg1+ 28. Kc2 d3+ 29. Bxd3 Bxf4 30. Qh4+ Bh6 31. Bf5 Rf8 32. Rf2 Be4+ 33.
Kb2 Rxf5 34. Rxf5 Bxf5 35. Bxh6 Qg2+ 36. Bd2+ Kg8 37. Qd8+ Kh7 38. Re1 c4 39.
Re8 Bd3 40. Rh8+ Kg6 41. Qe8+ Kf5 42. Rf8+ Kg4 43. Rf4+ 1-0

[Event "Championnat de France - Open A"]
[Site "Pau"]
[Date "2008.08.19"]
[Round "7.20"]
[White "Kharmoudi, Slimane"]
[Black "Prodhomme, Boris"]
[Result "0-1"]
[WhiteElo "2087"]
[BlackElo "2151"]
[PlyCount "92"]

1. e4 c5 2. Nf3 d6 3. d4 cxd4 4. Nxd4 Nf6 5. Nc3 a6 6. Bg5 e6 7. f4 Nbd7 8. Qf3
Qc7 9. O-O-O Be7 10. Bd3 h6 11. Bh4 g5 12. fxg5 Ne5 13. Qe2 Nfg4 14. Nf3 hxg5
15. Bxg5 Bxg5+ 16. Nxg5 Qc5 17. Nh3 Bd7 18. Rd2 O-O-O 19. Nd1 Bc6 20. Ndf2 Rhg8
21. g3 f5 22. Re1 Nxh2 23. exf5 Nhf3 24. Nf4 Qa5 25. Nxe6 Nxe1 26. Qxe1 Qxa2
27. c3 Nxd3+ 28. Nxd3 Qa1+ 29. Kc2 Qxe1 30. Nxe1 Rd7 31. Rf2 Rxg3 32. Kd2 Rf7
33. Nc2 Rg2 34. Rxg2 Bxg2 35. Ncd4 Kd7 36. Ke3 Ke7 37. Ng5 Rg7 38. Nde6 Rg8 39.
Kf4 Bd5 40. Nd4 Rh8 41. Kg4 Kf6 42. Nh3 Rg8+ 43. Kh4 Be4 44. Nf4 Bxf5 45. Nd5+
Ke5 46. Nxf5 Rh8+ 0-1

[Event "Championnat de France - Open A"]
[Site "Pau"]
[Date "2008.08.19"]
[Round "7.21"]
[White "Donskoi, Karel"]
[Black "Debray, Tristan"]
[Result "1/2-1/2"]
[WhiteElo "2084"]
[BlackElo "2145"]
[PlyCount "180"]

1. e4 Nf6 2. Nc3 d5 3. e5 d4 4. exf6 dxc3 5. fxg7 cxd2+ 6. Qxd2 Qxd2+ 7. Bxd2
Bxg7 8. O-O-O Be6 9. a3 Nd7 10. Nf3 a6 11. Bf4 O-O-O 12. Ng5 Bg4 13. f3 Bh5 14.
Bc4 e6 15. Rhe1 h6 16. Nh3 b5 17. Bf1 e5 18. Bg3 f5 19. Rd2 Bg6 20. a4 c6 21.
Rd6 Be8 22. axb5 cxb5 23. Bh4 Kc7 24. Rxa6 Rb8 25. Ra7+ Kc6 26. Bd3 Bg6 27. g4
e4 28. gxf5 Bxf5 29. Bxe4+ Bxe4 30. fxe4 Ra8 31. Rxa8 Rxa8 32. c3 Nc5 33. Kc2
Be5 34. Bg3 Bxg3 35. hxg3 Rg8 36. Re3 Kd6 37. e5+ Kd7 38. Nf4 Rg5 39. b3 h5 40.
Nd3 Ne6 41. b4 Rg4 42. Nc5+ Nxc5 43. bxc5 Ke6 44. Kb3 Rc4 45. c6 Rxc6 46. Kb4
Rb6 47. Re4 Rb8 48. Rh4 Kxe5 49. Rxh5+ Kd6 50. Rg5 Rc8 51. g4 Rc4+ 52. Kb3 Ke6
53. Rg8 Kf7 54. Rg5 Kf6 55. Rxb5 Rxg4 56. Rd5 Ke6 57. Rd1 Rg8 58. c4 Rc8 59.
Kb4 Rb8+ 60. Kc3 Rc8 61. Re1+ Kd6 62. Kd4 Rh8 63. Rg1 Rh4+ 64. Kc3 Kc6 65. Rg6+
Kc5 66. Rg5+ Kc6 67. Kb4 Rh1 68. Rg6+ Kc7 69. Kb5 Rh7 70. c5 Kb7 71. Rg8 Rf7
72. Rg1 Rh7 73. Ra1 Rh5 74. Rg1 Rh7 75. Rg6 Rf7 76. Rb6+ Kc7 77. Ra6 Rf1 78.
Ra7+ Kb8 79. Rg7 Rh1 80. Kb6 Rb1+ 81. Kc6 Rh1 82. Rg8+ Ka7 83. Kc7 Rh7+ 84. Kc8
Ka6 85. Rg6+ Ka7 86. c6 Rh8+ 87. Kc7 Rh7+ 88. Kd6 Kb6 89. Kd5 Kc7 90. Rg5 Rf7
1/2-1/2

[Event "Championnat de France - Open A"]
[Site "Pau"]
[Date "2008.08.19"]
[Round "7.22"]
[White "Jeanjean, Dominique"]
[Black "Normand, Vincent"]
[Result "1/2-1/2"]
[WhiteElo "2140"]
[BlackElo "2090"]
[PlyCount "107"]

1. e4 d5 2. exd5 Qxd5 3. Nc3 Qd6 4. Nf3 Nf6 5. d4 a6 6. g3 b5 7. Bg2 Bb7 8. O-O
e6 9. Qe2 Be7 10. Bf4 Qd8 11. Rad1 O-O 12. a4 b4 13. Na2 Qe8 14. c4 Qxa4 15. b3
Qxb3 16. Nd2 Qxa2 17. Bxb7 Ra7 18. Bg2 Nbd7 19. Ra1 Qc2 20. Rfc1 Qf5 21. Ne4 e5
22. Ra5 c5 23. Nxf6+ Bxf6 24. dxe5 Bxe5 25. Bxe5 Qxe5 26. Qa2 Nb8 27. Bd5 Rc7
28. Qb3 g6 29. Ra2 Nc6 30. Kg2 Nd4 31. Qe3 Qxe3 32. fxe3 Nf5 33. Kf3 Re8 34.
Rxa6 Rxe3+ 35. Kf2 Ra3 36. Rb6 Nd4 37. Re1 Ra2+ 38. Kg1 Kg7 39. g4 Rca7 40. g5
Ra1 41. Kf1 R1a2 42. h4 Rh2 43. Rb8 Raa2 44. Rb7 Rhf2+ 45. Kg1 Nf3+ 46. Bxf3
Rxf3 47. Rd1 Rg3+ 48. Kf1 Rh3 49. Kg1 Rxh4 50. Rf1 Rg4+ 51. Kh1 Rxg5 52. Rfxf7+
Kg8 53. Rg7+ Kf8 54. Rgf7+ 1/2-1/2

[Event "Championnat de France - Open A"]
[Site "Pau"]
[Date "2008.08.19"]
[Round "7.23"]
[White "Lewis, John"]
[Black "Galby, Vassili"]
[Result "1/2-1/2"]
[WhiteElo "2134"]
[BlackElo "2086"]
[PlyCount "60"]

1. d4 Nf6 2. Nf3 g6 3. c4 Bg7 4. Nc3 O-O 5. e4 d6 6. Be2 e5 7. O-O Nc6 8. d5
Ne7 9. b4 Ne8 10. c5 f5 11. Ng5 h6 12. Ne6 Bxe6 13. dxe6 fxe4 14. cxd6 Nxd6 15.
Be3 Nef5 16. Bc5 b6 17. Bxd6 cxd6 18. Bc4 Kh7 19. Nxe4 Nd4 20. Bd5 Rc8 21. Qa4
Qe7 22. Rad1 Rfd8 23. Qa6 Nxe6 24. Bxe6 Qxe6 25. Rxd6 Rxd6 26. Nxd6 Rc2 27. Ne4
Qc4 28. Qb7 Qc6 29. Qxc6 Rxc6 30. f3 Rc2 1/2-1/2

[Event "Championnat de France - Open A"]
[Site "Pau"]
[Date "2008.08.19"]
[Round "7.24"]
[White "Forestier, Carole"]
[Black "Leitner, Walter"]
[Result "1-0"]
[WhiteElo "2067"]
[BlackElo "2126"]
[PlyCount "121"]

1. d4 d5 2. Nf3 Nf6 3. c4 c6 4. Nc3 dxc4 5. e3 Bg4 6. Bxc4 e6 7. O-O Nbd7 8. e4
Be7 9. Be2 O-O 10. Bf4 Rc8 11. Rc1 h6 12. Qd2 Kh7 13. Bd3 Ng8 14. d5 Bxf3 15.
gxf3 e5 16. Be3 c5 17. Ne2 Bg5 18. f4 exf4 19. Bxf4 Ne5 20. Kh1 Bxf4 21. Nxf4
Qh4 22. Qe3 Rfe8 23. Ng2 Qe7 24. Bb1 g6 25. f4 Ng4 26. Qf3 h5 27. h3 N4h6 28.
Rfe1 b5 29. Rcd1 Rcd8 30. e5 Qd7 31. Qxh5 Kg7 32. Qf3 Nf5 33. Bxf5 Qxf5 34. Ne3
Qc8 35. Qg4 Nh6 36. Qxc8 Rxc8 37. d6 Red8 38. Kg2 Kf8 39. Kf3 Ke8 40. Nd5 Kd7
41. Ne7 Rb8 42. Ke4 Rh8 43. Rd5 c4 44. Rc5 Rb7 45. Re3 Ke6 46. b3 Nf5 47. Nxf5
gxf5+ 48. Kd4 Rh4 49. Rf3 cxb3 50. axb3 a5 51. Rc8 f6 52. Re8+ Kf7 53. Ra8 Ke6
54. Kc5 b4 55. Kc6 Rhh7 56. Re8+ Kf7 57. d7 Rxd7 58. Kxd7 Kg6+ 59. Re7 Rh8 60.
Rg3+ Kh5 61. exf6 1-0

[Event "Championnat de France - Open A"]
[Site "Pau"]
[Date "2008.08.19"]
[Round "7.25"]
[White "Jaulin, Marc"]
[Black "Carrasco, Patrick"]
[Result "0-1"]
[WhiteElo "2124"]
[BlackElo "2087"]
[PlyCount "80"]

1. e4 e5 2. Nf3 Nc6 3. Bb5 a6 4. Ba4 Nf6 5. O-O b5 6. Bb3 Bb7 7. d3 Bd6 8. a3
h6 9. Nc3 O-O 10. a4 b4 11. Ne2 Na5 12. Ba2 c5 13. Ng3 Re8 14. Nh4 Bf8 15. Nhf5
d5 16. Qe2 Qb6 17. Kh1 Rad8 18. f3 b3 19. cxb3 Nxb3 20. Rb1 Bc6 21. a5 Nxa5 22.
b4 cxb4 23. Be3 Qb5 24. Rfd1 Nb7 25. Qd2 Kh7 26. Nxh6 gxh6 27. Nf5 Ng8 28. Qf2
Nd6 29. g4 a5 30. Qh4 Nxf5 31. gxf5 dxe4 32. Bxf7 exf3 33. h3 f2+ 34. Kh2 e4
35. Bxg8+ Kxg8 36. Qg4+ Kh8 37. h4 Bd6+ 38. Kh3 Rg8 39. Bg5 Qe5 40. Rh1 Bd7 0-1

[Event "Championnat de France - Open A"]
[Site "Pau"]
[Date "2008.08.19"]
[Round "7.26"]
[White "Marchadour, Claire"]
[Black "Le Hetet, Nicolas"]
[Result "1/2-1/2"]
[WhiteElo "2060"]
[BlackElo "2123"]
[PlyCount "120"]

1. e4 c5 2. Nf3 Nc6 3. d4 cxd4 4. Nxd4 e5 5. Nb5 d6 6. N5c3 Be7 7. Bc4 Nf6 8.
Bg5 Be6 9. Bxf6 Bxc4 10. Bxe7 Nxe7 11. b3 Be6 12. O-O O-O 13. Nb5 d5 14. exd5
Bxd5 15. c4 Bc6 16. N1c3 a6 17. Nd6 Qa5 18. Qc2 Rad8 19. Rfd1 Nc8 20. Nxc8 Rxc8
21. Qb2 Rfd8 22. b4 Qc7 23. b5 Be8 24. Nd5 Qd6 25. Ne3 Qc5 26. a4 a5 27. h3 f6
28. Qe2 Bf7 29. Rxd8+ Rxd8 30. Qf3 Rd7 31. Rd1 Rxd1+ 32. Qxd1 Qd4 33. Qf3 e4
34. Qg4 Qa1+ 35. Nf1 h5 36. Qxe4 Qxa4 37. g3 Qxc4 38. Qxb7 Bd5 39. Qb8+ Kh7 40.
Qe8 Bf7 41. Qe7 Bd5 42. b6 Qe4 43. Qxe4+ Bxe4 44. Nd2 Bd5 45. Kf1 a4 46. Nb1
Kg6 47. Ke2 Kf5 48. Kd2 Bc6 49. Kc3 Ke4 50. Nd2+ Kd5 51. Kb4 Kd4 52. Nc4 Ke4
53. Na5 Ba8 54. b7 Bxb7 55. Nxb7 Kf3 56. Nd6 Kxf2 57. g4 hxg4 58. hxg4 Kf3 59.
Ne8 Kxg4 60. Nxg7 f5 1/2-1/2

[Event "Championnat de France - Open A"]
[Site "Pau"]
[Date "2008.08.19"]
[Round "7.27"]
[White "Ralle, Pierre"]
[Black "Dargagnon, Remi"]
[Result "1-0"]
[WhiteElo "2113"]
[BlackElo "2079"]
[PlyCount "111"]

1. e4 e6 2. d4 d5 3. Nc3 Nf6 4. Bg5 Be7 5. e5 Nfd7 6. Bxe7 Qxe7 7. Nb5 Nb6 8.
c3 a6 9. Na3 Bd7 10. Be2 Ba4 11. Qc1 c5 12. b3 Bd7 13. Nc2 cxd4 14. Nxd4 Nc6
15. Ngf3 Nxd4 16. Nxd4 Rc8 17. Qe3 Qc5 18. Rc1 O-O 19. O-O f6 20. f4 fxe5 21.
Qxe5 Qc7 22. Qg5 Qd8 23. Qxd8 Rcxd8 24. g3 Nc8 25. Rfe1 Rfe8 26. Bd3 Nd6 27.
Kf2 Nf7 28. Nf3 Re7 29. Re3 Rde8 30. Rce1 Bb5 31. Bc2 Rc7 32. Bb1 Rec8 33. Rc1
Bd7 34. Ke1 Nd6 35. Kd2 Nb5 36. Rd3 Be8 37. a4 Nd6 38. Re3 Bxa4 39. Rxe6 Ne4+
40. Bxe4 dxe4 41. Nd4 Bd7 42. Rxe4 Kf7 43. Rce1 Bh3 44. R1e3 Rd7 45. Re5 g6 46.
b4 Bg2 47. Ra5 Rc4 48. Ree5 Bh3 49. Rac5 Bf1 50. Rxc4 Bxc4 51. Rc5 Be6 52. Ke3
Bd5 53. h4 b6 54. Rc8 a5 55. bxa5 bxa5 56. Rc5 1-0

[Event "Championnat de France - Open A"]
[Site "Pau"]
[Date "2008.08.19"]
[Round "7.28"]
[White "Velten, Paul"]
[Black "Iwanesko, Alexandre"]
[Result "1/2-1/2"]
[WhiteElo "2112"]
[BlackElo "2062"]
[PlyCount "95"]

1. d4 Nf6 2. Nf3 g6 3. Bg5 Bg7 4. Nbd2 O-O 5. e4 d5 6. exd5 Nxd5 7. Bc4 c5 8.
O-O cxd4 9. Re1 Re8 10. Ne5 Be6 11. Nb3 Qc7 12. Bxd5 Bxd5 13. Bf4 Bxb3 14. axb3
Qb6 15. Nc4 Qd8 16. Na5 Nc6 17. Nxc6 bxc6 18. Be5 Qd5 19. Bxg7 Kxg7 20. Qd2 a5
21. Ra4 e5 22. Rea1 c5 23. Rxa5 Rxa5 24. Rxa5 Ra8 25. Ra3 e4 26. c4 Qb7 27. b4
cxb4 28. Qxd4+ Kg8 29. Rxa8+ Qxa8 30. h3 b3 31. Qc3 Qa1+ 32. Kh2 Qd1 33. c5 Qc2
34. c6 Qxc3 35. bxc3 b2 36. c7 b1=Q 37. c8=Q+ Kg7 38. Qc5 Qd3 39. Qe5+ Kg8 40.
Qc7 Qc2 41. Qd8+ Kg7 42. Qd4+ Kf8 43. Kg3 h5 44. h4 Qc1 45. Qe3 Qb1 46. Kf4
Qb8+ 47. Kxe4 Qb7+ 48. Kd4 1/2-1/2